000 00388pab a2200169 454500
008 180718b2010 xxu||||| |||| 00| 0 eng d
100 _aDungdung, Gladson
245 _aAdivasis towards violence
260 _c2010
300 _ap.250-62.
362 _aJul-Sep
650 _aViolence
650 _aIndigenous populations
773 _aSocial Action
908 _aN
909 _a87192
999 _c87192
_d87192